000 00727nam a2200217 a 4500
001 000021657
005 20200930011412.0
008 100909s1964 sp r 000 | spa d
040 _aDO-SdBNP
_bspa
_cBNPHU
082 _a320.532
_bB699c
100 1 _aBonaro Overstreet, Harry
_945058
240 1 0 _aThe iron curtain
_lespañol
245 1 3 _aLa cortina de hierro :
_bdonde comienza la ofensiva de la libertad /
_cHarry Bonaro Overstreet; traducción, Taide Palacios.
260 _aMéxico :
_bLimusa-Wiley,
_c1964.
300 _a196 p. ;
_c19 cm.
500 _aIncluye notas al texto
534 _aTítulo original :
_tThe iron curtain
650 4 _aComunismo
_92880
700 1 _aPalacios, Taide
_etr.
_945059
049 _aBNGR
999 _c21156
_d21156